000 00351nam a2200121Ia 4500
008 250110s9999 xx 000 0 und d
041 _aeng
100 _aGhatage Anahita
_9184172
245 _aUrban Pulse Gentrification And Sustainable urbanism
260 _bBNCA M Arch DA, Pune
_c2021
300 _a112p
700 _aGuide Name:Agashe Poonam
_9210959
999 _c364589
_d364589